| 000 | 00981nam a2200337 a 4500 | ||
|---|---|---|---|
| 003 | AR-BaBNM | ||
| 005 | 20251128204840.0 | ||
| 008 | 082120s2002 ||||||||||||||000 | spa|| | ||
| 020 | _a950-614-516-4 | ||
| 040 | _cAR-BaBNM | ||
| 100 | 1 | _aCanal Feijóo, Bernardo | |
| 245 | 0 | 0 |
_aConstitución y revolución _bJuan Bautista Alberdi. 1 |
| 260 |
_aBuenos Aires _bHyspamérica _c1986 |
||
| 300 | _a203 p. | ||
| 490 | 0 |
_aBiblioteca argentina de historia y política _vv. 62 |
|
| 600 | 1 | 4 | _aAlberdi, Juan Bautista |
| 650 | 4 | _aHISTORIA ARGENTINA | |
| 650 | 4 | _aBIOGRAFIAS | |
| 650 | 4 | _aTEORIA POLITICA | |
| 650 | 4 | _aHISTORIA DEL DERECHO ARGENTINO | |
| 650 | 4 | _aHISTORIA INSTITUCIONAL | |
| 650 | 4 | _aHISTORIA CONSTITUCIONAL | |
| 650 | 4 | _aCONFEDERACION ARGENTINA | |
| 650 | 4 | _aCONGRESO CONSTITUYENTE DE 1853 | |
| 650 | 4 | _aGUERRA DEL PARAGUAY | |
| 650 | 4 | _aPOLITICA | |
| 651 | 4 | _aArgentina | |
| 800 | 1 |
_aCostantini, Pablo _edirector |
|
| 942 | _cBK | ||
| 998 | _cEnrique | ||
| 999 |
_c9035 _d9035 |
||